Catálogo de la Biblioteca Horacio González - Universidad Nacional de General Sarmiento

The view from building 20 : (Registro nro. 51788)

Detalles MARC
000 -CABECERA
campo de control de longitud fija 00972nam a22003130a 4500
001 - NÚMERO DE CONTROL
campo de control PT21021
003 - IDENTIFICADOR DEL NÚMERO DE CONTROL
campo de control AR-LpoUNG
005 - FECHA Y HORA DE LA ÚLTIMA TRANSACCIÓN
campo de control 20210201010545.0
008 - DATOS DE LONGITUD FIJA--INFORMACIÓN GENERAL
campo de control de longitud fija 201001s1993||||sp |||||||||||||||||eng d
020 ## - NÚMERO INTERNACIONAL ESTÁNDAR DEL LIBRO
Número Internacional Estándar del Libro 0262082233
Condiciones de disponibilidad $70
040 ## - FUENTE DE LA CATALOGACIÓN
Centro catalogador/agencia de origen AR-LpoUNG
Lengua de catalogación spa
Normas de descripción aacr
041 ## - CÓDIGO DE LENGUA
Código de lengua del texto/banda sonora o título independiente eng
082 0# - NÚMERO DE LA CLASIFICACIÓN DECIMAL DEWEY
Número de clasificación 410 161vie
100 1# - ENTRADA PRINCIPAL--NOMBRE DE PERSONA
Nombre de persona Hale, Kenneth
Término indicativo de función/relación ed.
245 14 - MENCIÓN DE TÍTULO
Título The view from building 20 :
Resto del título essays in linguistics in honor of Sylvain Bromberger
260 ## - PUBLICACIÓN, DISTRIBUCIÓN, ETC.
Lugar de publicación, distribución, etc. Cambridge :
Nombre del editor, distribuidor, etc. MIT Press,
Fecha de publicación, distribución, etc. 1993.
300 ## - DESCRIPCIÓN FÍSICA
Extensión xi, 273 p. :
Otras características físicas tbls., gráfs.
Especificación de materiales Impreso
490 0# - MENCIÓN DE SERIE
Mención de serie Current studies in linguistics
505 0# - NOTA DE CONTENIDO CON FORMATO
Nota de contenido con formato Includes bibliographical references.
520 ## - SUMARIO, ETC.
Sumario, etc. Siete ensayos en lingüística ofrecidos en tributo al profesor en filosofía Sylvain Bromberger.
650 #4 - PUNTO DE ACCESO ADICIONAL DE MATERIA--TÉRMINO DE MATERIA
Término de materia o nombre geográfico como elemento de entrada LINGUISTAS
650 #4 - PUNTO DE ACCESO ADICIONAL DE MATERIA--TÉRMINO DE MATERIA
Término de materia o nombre geográfico como elemento de entrada LINGUISTICA
650 #4 - PUNTO DE ACCESO ADICIONAL DE MATERIA--TÉRMINO DE MATERIA
Término de materia o nombre geográfico como elemento de entrada SINTAXIS
653 ## - TÉRMINO DE INDIZACIÓN--NO CONTROLADO
Término no controlado METRICA
653 ## - TÉRMINO DE INDIZACIÓN--NO CONTROLADO
Término no controlado REGLAS DE SILABIFICACION
700 1# - PUNTO DE ACCESO ADICIONAL--NOMBRE DE PERSONA
Nombre de persona Keyser, Samuel Jay
Término indicativo de función/relación ed.
905 ## - ELEMENTOS DE DATOS E LOCAL, LDE (RLIN)
a 21021
942 ## - ELEMENTOS DE PUNTO DE ACCESO ADICIONAL (KOHA)
Tipo de ítem Koha Libro
Existencias
Estado de retiro Estado de pérdida Estado dañado No para préstamo Código de colección Localización permanente Ubicación/localización actual Fecha de adquisición Total de préstamos Signatura topográfica completa Código de barras Fecha visto por última vez Precio válido a partir de Tipo de ítem Koha Fuente del sistema de clasificación o colocación
        Colección General Biblioteca Universidad Nacional de General Sarmiento Biblioteca Universidad Nacional de General Sarmiento 01/02/2021   410 161vie 00022703 01/02/2021 01/02/2021 Libro  
        Colección General Biblioteca Universidad Nacional de General Sarmiento Biblioteca Universidad Nacional de General Sarmiento 01/02/2021   410 161vie 00022704 01/02/2021 01/02/2021 Libro  
Retirado     No es para préstamo Colección General Biblioteca Universidad Nacional de General Sarmiento Biblioteca Universidad Nacional de General Sarmiento 01/02/2021   410 161vie 00022707 01/02/2021 01/02/2021 Libro Dewey Decimal Classification